| 000 | 00983nam a2200217Ia 4500 | ||
|---|---|---|---|
| 003 | OSt | ||
| 005 | 20200805110521.0 | ||
| 008 | 191128s1975 ck fr 000 0 spa d | ||
| 040 |
_aCO-JMCR _cCO-JMCR |
||
| 041 | 0 | _aspa | |
| 082 | 0 | 4 |
_a343.054026 / _bP259n _223 |
| 100 | 1 |
_aParra Escobar, Armando, _eautor _98423 |
|
| 245 | 1 | 3 |
_aEl nuevo régimen de impuestos : _banálisis y normas legales del impuesto sobre la renta y complementarios / _cArmando Parra Escobar |
| 260 |
_aBogotá : _bDesarrollo, _c1975 |
||
| 300 |
_a[407] páginas ; _c24 cm. |
||
| 505 | 0 | _aPrincipios generales -- Sujetos pasivos -- Renta bruta y costos -- Deducciones -- Rentas liquidas especiales -- Descuentos tributarios -- Ganancias ocasionales -- Impuestos complementarios de patrimonio | |
| 650 | 1 | 4 |
_aImpuesto sobre la renta _xlegislación _zColombia _98424 |
| 650 | 1 | 4 |
_aReforma tributaria 1974 _xlegislación _zColombia _98425 |
| 650 | 1 | 4 |
_aDerecho fiscal _xlegislación _zColombia _98426 |
| 942 |
_2ddc _cBK |
||
| 999 |
_c5904 _d5904 |
||